000
00226nam a2200097Ia 4500
008
190216s9999||||xx |||||||||||||| ||und||
100
_a
Charles Dickens
245
0
_a
Oliver Twist
260
_b
Banglore Printing Com
942
_c
BK
999
_c
12128
_d
12128